Ουδέτερες Ευρωπαϊκές Χώρες του Β' Παγκοσμίου Πολέμου - Statistics

General Stats
  • This quiz has been taken 13 times
  • The average score is 4 of 8
Answer Stats
Χώρα % Correct
Ελβετία
91%
Πορτογαλία
73%
Ισπανία
73%
Σουηδία
64%
Ανδόρα
36%
Ιρλανδία
36%
Λίχτενσταϊν
36%
Βατικανό
27%
No matching quizzes found
Score Distribution
Percent of People with Each Score
Percentile by Number Answered
Your Score History
You have not taken this quiz